Proyecto de tratado por el que se instituye una constitución para Europa. Adoptado por consenso por la Convención Europea los días 13 de junio y 10 de julio de 2003. Presentado al presidente del Consejo Europeo en Roma. 18 de Julio de 2003.
I tiakina i:
| Hōputu: | Pukapuka |
|---|---|
| Reo: | Pāniora |
| I whakaputaina: |
Luxemburgo, Luxemburgo:
Oficina de Publicaciones Oficiales de las Comunidades Europeas,
2003.
|
| Ngā marau: | |
| Ngā Tūtohu: |
Tāpirihia he Tūtohu
Kāore He Tūtohu, Me noho koe te mea tuatahi ki te tūtohu i tēnei pūkete!
|
MARC
| LEADER | 00000nam a2200000 a 4500 | ||
|---|---|---|---|
| 001 | UCG4133 | ||
| 003 | CL-VaPUC | ||
| 005 | 20220822114401.0 | ||
| 008 | 101007e20030000LU |||||||||||||||||spa|d | ||
| 999 | |c 342984 |d 342982 | ||
| 020 | |a 92-78-40193-5 | ||
| 040 | |c Pontificia Universidad Católica de Valparaíso | ||
| 082 | 0 | 4 | |a 342.402 CON 2003 |2 21 |
| 245 | 1 | 0 | |a Proyecto de tratado por el que se instituye una constitución para Europa. |b Adoptado por consenso por la Convención Europea los días 13 de junio y 10 de julio de 2003. Presentado al presidente del Consejo Europeo en Roma. 18 de Julio de 2003. |
| 260 | |a Luxemburgo, Luxemburgo: |b Oficina de Publicaciones Oficiales de las Comunidades Europeas, |c 2003. | ||
| 300 | |a 340 páginas. | ||
| 500 | |a c.2 Donación Familia Prof. Alejandro Guzmán Brito. | ||
| 583 | |a last modification |c 20131001 01:08:31 |k Rodrigo Vera | ||
| 650 | 0 | |a Derecho constitucional |9 222588 |z Unión europea | |
| 942 | |c BK |2 ddc |n 0 | ||
| 945 | |d 20101007 00:00:00 |a mfarfan | ||
| 952 | |0 0 |1 0 |4 0 |6 342_402000000000000_CON_2003 |7 0 |8 A |9 439774 |a BIBDER |b BIBDER |d 2019-11-22 |i 4725050 |o 342.402 CON 2003 |p 4725050 |r 2019-11-22 |w 2019-11-22 |y BK |k DER | ||
| 952 | |0 0 |1 0 |2 ddc |4 0 |6 342_402000000000000_CON_2003 |7 1 |8 C_AGB |9 581218 |a BIBDER |b BIBDER |d 2022-02-08 |e Donación |i 5645654 |o 342.402 CON 2003 |p 5645654 |r 2023-01-25 |t 2 |w 2022-02-08 |y BK_US |k AGB | ||